Normal view
MARC view
Entry Personal Name
001 - CONTROL NUMBER
- control field: 2024
003 - CONTROL NUMBER IDENTIFIER
- control field: ARRUPE
005 - DATE AND TIME OF LATEST TRANSACTION
- control field: 20131002113316.0
008 - FIXED-LENGTH DATA ELEMENTS
- fixed length control field: 131002|| aca||aabn | a|a d
040 ## - CATALOGING SOURCE
- Original cataloging agency: ARRUPE
- Transcribing agency: ARRUPE
100 ## - HEADING--PERSONAL NAME
- Personal name: Ehler, Sidney Z.,
- Relator term: ed. and tr.
670 ## - SOURCE DATA FOUND
- Source citation: Work cat.: (ARRUPE)0: Ehler, Sidney Z., ed. and tr., Church and state through the centuries;, [1954]